| 000 | 00691nam a2200217 a 4500 | ||
|---|---|---|---|
| 005 | 20240925064600.0 | ||
| 008 | 991125s1994 bue 000 0 spa u | ||
| 020 | _a9688530948 | ||
| 035 | _aUPN01000009959 | ||
| 049 | _aCG | ||
| 050 | 4 |
_aBF698 _bH3.28 |
|
| 100 | 1 |
_aHall, Calvin S. _q(Calvin Springer), _d1909-1985 _928378 |
|
| 245 | 1 | 0 |
_aCompendio de psicología freudiana / _cCalvin S. Hall ; tr. Marta Mercader. |
| 260 |
_aBuenos Aires : _bPaidós, _c1994 |
||
| 300 | _a137 p. | ||
| 440 | 0 |
_aBiblioteca de psicología profunda ; _v97 |
|
| 534 |
_pTraducción: _tA primer of Freudian psychology |
||
| 600 | 1 | 4 |
_aFREUD, SIGMUND, _d1856-1939 |
| 650 | 4 |
_aPersonalidad _97690 |
|
| 905 | _aLibro | ||
| 999 |
_c9959 _d9959 |
||